| 000 | 00422 a2200157 4500 | ||
|---|---|---|---|
| 999 |
_c320988 _d320988 |
||
| 001 | 85915 | ||
| 003 | NUST | ||
| 005 | 20180121180312.0 | ||
| 008 | 180121b xxu||||| |||| 00| 0 eng d | ||
| 020 | _a0813318815 | ||
| 082 | _a327.172 COR | ||
| 100 |
_aDavid Cortright _99391 |
||
| 245 |
_aPeace works : the citizen's role in ending the Cold War _hEnglish |
||
| 250 | _a1st | ||
| 260 |
_aBoulder _bWestview Press _c1993 |
||
| 300 | _aviii, 288 p. | ||
| 500 | _aGifted By AM Masood Akhtar | ||
| 942 |
_acaenust _cBK _k327.172 COR _2ddc |
||